The Growth Return of Infrastructure in Latin America /

This paper examines the effects of improvements in infrastrucutre on sectoral growth and firm-level investment, focusing on six Latin American countries. Exploiting the heterogeneity in the quality of infrastructure across countries and the intrinsic variation in the dependence of sectors on infrast...

Celý popis

Podrobná bibliografie
Hlavní autor: Lanau, Sergi
Médium: Časopis
Jazyk:English
Vydáno: Washington, D.C. : International Monetary Fund, 2017.
Edice:IMF Working Papers; Working Paper ; No. 2017/035
On-line přístup:Full text available on IMF
LEADER 01623cas a2200241 a 4500
001 AALejournalIMF017444
008 230101c9999 xx r poo 0 0eng d
020 |c 5.00 USD 
020 |z 9781475578959 
022 |a 1018-5941 
040 |a BD-DhAAL  |c BD-DhAAL 
100 1 |a Lanau, Sergi. 
245 1 4 |a The Growth Return of Infrastructure in Latin America /  |c Sergi Lanau. 
264 1 |a Washington, D.C. :  |b International Monetary Fund,  |c 2017. 
300 |a 1 online resource (20 pages) 
490 1 |a IMF Working Papers 
500 |a <strong>Off-Campus Access:</strong> No User ID or Password Required 
500 |a <strong>On-Campus Access:</strong> No User ID or Password Required 
506 |a Electronic access restricted to authorized BRAC University faculty, staff and students 
520 3 |a This paper examines the effects of improvements in infrastrucutre on sectoral growth and firm-level investment, focusing on six Latin American countries. Exploiting the heterogeneity in the quality of infrastructure across countries and the intrinsic variation in the dependence of sectors on infrastructure, I find that better infrastructure raises growth and investment. Improved infrastructure could yield large economic benefits. For example, if the quality of infrastructure in Colombia increased to the sample median (Czech Republic), GDP growth would increase by about 0.1 percentage points. 
538 |a Mode of access: Internet 
830 0 |a IMF Working Papers; Working Paper ;  |v No. 2017/035 
856 4 0 |z Full text available on IMF  |u http://elibrary.imf.org/view/journals/001/2017/035/001.2017.issue-035-en.xml  |z IMF e-Library